000 01069nmc a2200373 a 4500
003 AR-BaBNM
005 20251128204206.0
008 305119s1987 ||||||||||||||000 | spa||
020 _a950-25-1445-9
040 _cAR-BaBNM
100 1 _aEchegaray, Fabián
245 1 0 _aDesencanto político, transición y democracia
260 _aBuenos Aires
_bCentro Editor de América Latina
_c1987
300 0 _a141 p.
490 0 _aBiblioteca política Argentina
_vv. 177
600 1 4 _aHirschman, Albert
610 2 4 _aUnión Cívica Radical [Argentina]
650 4 _aHISTORIA POLITICA ARGENTINA
650 4 _aDEMOCRACIA
650 4 _aPROBLEMAS SOCIALES
650 4 _aPROBLEMAS POLITICOS
650 4 _aOPOSICION POLITICA
650 4 _aPARTIDOS POLITICOS
650 4 _aCRISIS ECONOMICA
650 4 _aDEUDA EXTERNA
650 4 _aCOMPORTAMIENTO SOCIAL
650 4 _aPROCESOS POLITICOS
650 4 _aPOLITICA ARGENTINA
651 4 _aArgentina
700 1 _aRaimondo, Ezequiel
800 1 _aTroncoso, Oscar
_edirector
942 _cBK
998 _cCarmen
999 _c6536
_d6536